Представление документа в формате RUSMARC

ПолеНазваниеЗначение
  Тип записи i
  Библиографический уровень m
001 Контрольный номер RU/IS/BASE/571856075
005 Дата корректировки 20250217153002.3
010 Индекс ISBN __
d Цена 211-00; 236-00
b Уточнения в кор.
100 Данные общей обработки __
a Данные общей обработки 19180213d2017####d y0rusy028902 ca
101 Язык документа 1_
a Язык текста rus
c Язык оригинала nnn
102 Страна публикации __
a Страна публикации RU
125 Кодированные данные звукозаписи и нотных изданий __
b Определитель литературного текста с
126 Кодированные данные (звукозаписи-физические характеристики) __
a Кодированные данные звукозаписи (общие) agbxhxx cd
127 Кодированные данные (звукозаписи-физические характеристики) __
a Продолжительность проигрывания 0451##
135 Кодированные данные (электронные ресурсы) __
a Кодированные данные (электронные ресурсы) aongannnauuuu
139 Кодированные данные (электронные ресурсы) __
a Кодированные данные (электронные ресурсы) caz
181 Поле кодированных данных: вид содержания _0
a Код вида содержания (ISBD) h
182 Поле кодированных данных: тип средства _0
a Код типа средства (ISBD) a
200 Заглавие и сведения об ответственности 1_
a Заглавие Машина времени
f Первые сведения об ответственности Герберт Уэллс ; читает Виктор Рудниченко ; звукорежиссеры: Е. Ланцова, С. Дорина ; переводчик Э. К. Пименова
e Сведения, относящиеся к заглавию [аудиокнига]
203 Вид содержания и тип средства __
a Вид содержания Устная речь
c Тип средства аудио
210 Выходные данные 1_
a Место издания Москва
c Издательство АРДИС
d Дата издания 2017
215 Физическое описание __
a Объем 1 электрон. опт. диск (CD-ROM) (4 ч. 51 мин.)
c Иллюстрации/тип воспроизводства зв.
d Формат 12 см
225 Серия 2_
a Серия Фантастика и приключения
300 Общие примечания __
a Общие примечания Заглавие с этикетки диска
300 Общие примечания __
a Общие примечания Данные в формате MP3
330 Аннотация __
a Аннотация Первый научно-фантастический роман Герберта Уэллса, описывающий путешествие в мир будущего, населенный двумя видами существ, в которые превратился человек: морлоков, обитающих в подземном мире и обслуживающих машины, и хрупких элоев, совершенно не приспособленных для труда. За тысячелетия и те и другие практически лишились разума, превратившись в полуживотных.
333 Примечание о целевом назначении __
a Примечание о целевом назначении 12+. Для детей старше 12 лет
337 Примечание о системных требованиях (электронные ресурсы) __
a Примечание о системных требованиях (электронные ресурсы) Системные требования: персональный компьютер ; CD-плеер с поддержкой MP3, или Pentium-233 c Windows 9x-XP ; CD-ROM ; звуковая карта
606 Тематические рубрики __
a Основная рубрика Художественная литература
606 Тематические рубрики __
a Основная рубрика Литература Европы (произведения)
z Хронологическая подрубрика 20 в.
y Географическая подрубрика Англия
y Географическая подрубрика Великобритания
610 Ключевые слова 0_
a Ключевые слова английская литература
610 Ключевые слова 0_
a Ключевые слова классическая литература
610 Ключевые слова 0_
a Ключевые слова научная фантастика
610 Ключевые слова 0_
a Ключевые слова научно-фантастические романы
610 Ключевые слова 0_
a Ключевые слова проза
610 Ключевые слова 0_
a Ключевые слова романы
610 Ключевые слова 0_
a Ключевые слова тема будущего
610 Ключевые слова 0_
a Ключевые слова тема путешествий во времени
610 Ключевые слова 0_
a Ключевые слова фантастика
610 Ключевые слова 0_
a Ключевые слова фантастические произведения
610 Ключевые слова 0_
a Ключевые слова фантастические романы
686 Индексы других классификаций __
2 Код системы rubbks
a Классификационный индекс 84(4Вел)6-445я04; ст84(4Вел)-445я0
700 Автор _1
a Фамилия Уэллс
b Имя Г. Д.
f Даты 1866-1946
g Полное личное имя Герберт
4 Код отношения 070
702 Вторичная интеллектуальная ответственность _1
a Фамилия Пименова
b Имя Э. К.
4 Код отношения Переводчик
4 Код отношения 730
702 Вторичная интеллектуальная ответственность _1
a Фамилия Ланцова
b Имя Е.
4 Код отношения 570
702 Вторичная интеллектуальная ответственность _1
a Фамилия Дорина
b Имя С.
4 Код отношения 570
702 Вторичная интеллектуальная ответственность _1
a Фамилия Рудниченко
b Имя В.
g Полное личное имя Виктор
4 Код отношения 590
801 Источник записи _0
a Страна ru
b Организация Муниципальное бюджетное учреждение культуры "Централизованная библиотечная система" г. Сургут (Центральная городская библиотека им. А. С. Пушкина)
c Дата составления 20180213
g Правила каталогизации PSBO
801 Источник записи _1
a Страна ru
b Организация Муниципальное бюджетное учреждение культуры "Централизованная библиотечная система" г. Сургут (Центральная городская библиотека им. А. С. Пушкина)
c Дата составления 20180213
g Правила каталогизации PSBO
852 Данные о местонахождении __
j Шифр хранения 84(4Вел)6-445я04
i Авторский знак У 98
900 Макрообъекты __
a Макрообъекты Машина времени, 2017
901 Тип документа __
a Ответственный КиК/Апакова; КиК/Мамарузиева
t Тип документа 0
903 Характеристики (МАРС) __
a Дата передачи 20210204; 20180213
c Наименование библиотеки (МАРС) Муниципальное бюджетное учреждение культуры "Централизованная библиотечная система" г. Сургут (Центральная городская библиотека им. А. С. Пушкина)
969 Тип издания __
a Тип издания аудиокнига
a Тип издания издание для детей
a Тип издания издание для слепых
990 Данные о заказе (DOS) __
j Количество экземпляров (DOS) 2; 3
t N записи в КСУ для И/У (DOS) 202102; 201803